La soberanía de Dios y la responsabilidad del hombre (Registro nro. 34605)
[ vista simple ]
| 000 -LÍDER | |
|---|---|
| Campo fijo de descripción fija | 00983cam a2200301 i 4500 |
| 001 - NÚMERO DE CONTROL | |
| Campo de control | 768714001 |
| 003 - IDENTIFICADOR DEL NÚMERO DE CONTROL | |
| Campo de control | CO-MdFUSB |
| 005 - FECHA Y HORA DE LA ULTIMA TRANSACCIÓN | |
| control field | 20241002091939.0 |
| 007 - CAMPO FIJO DE DESCRIPCIÓN FIJA--INFORMACIÓN GENERAL | |
| Campo fijo de descripción fija | ta |
| 008 - ELEMENTOS DE LONGITUD FIJA -- INFORMACIÓN GENERAL | |
| Campo fijo de descripción fija -- Información general | 240601t1987 ck |||| |||| 00| 0 spa d |
| 040 ## - FUENTE DE CATALOGACIÓN | |
| Agencia que realiza la transcripción | CO-MdFUSB |
| 041 0# - CÓDIGO DE IDIOMA | |
| Código de idioma para texto/pista de sonido o título separado | spa |
| 082 04 - NÚMERO DE CLASIFICACIÓN DECIMAL DEWEY | |
| Número de la edición del Dewey | 24 |
| Número de clasificación | 234 |
| Clave de autor-Numero de item | D686s |
| 100 1# - ASIENTO PRINCIPAL--NOMBRE PERSONAL | |
| Nombre personal | Donner, Theodorus Gerardus (Theo G.) |
| Término relacionador | autor |
| 245 13 - TÍTULO | |
| Título del Material | La soberanía de Dios y la responsabilidad del hombre |
| Mención de responsabilidad, etc. | / Theo G. Donner |
| 264 #1 - PRODUCCIÓN, PUBLICACIÓN, DISTRIBUCIÓN, MANUFACTURA, Y COPYRIGHT | |
| Lugar de producción, publicación, distribución, manufactura | Medellín, Colombia : |
| Nombre del productor, publicador, distribuidor | Poiema, |
| Fecha de producción, publicación, distribución, manufactura, o copyright | [2014] |
| 264 #4 - PRODUCCIÓN, PUBLICACIÓN, DISTRIBUCIÓN, MANUFACTURA, Y COPYRIGHT | |
| Fecha de producción, publicación, distribución, manufactura, o copyright | ©2014 |
| 300 ## - DESCRIPCIÓN FÍSICA | |
| Extensión | 62 páginas |
| Dimensiones | ; 21 cm |
| 336 ## - TIPO DE CONTENIDO | |
| Término de tipo de contenido | texto |
| Código de tipo de contenido | txt |
| Fuente | rdacontent |
| 337 ## - TIPO DE MEDIO | |
| Fuente | rdamedia |
| Nombre del tipo de medio | sin mediación |
| Código del tipo de medio | n |
| 338 ## - TIPO DE SOPORTE | |
| Fuente | rdacarrier |
| Nombre del tipo de soporte | volumen |
| Código Tipo de soporte | nc |
| 505 ## - NOTA DE CONTENIDO | |
| Nota de contenido con formato preestablecido | El problema del hombre. -- El propósito soberano de Dios. -- El poder de la cruz y la redención del pueblo de Dios. -- La gracia de Dios. -- La seguridad de la salvación. |
| 563 ## - NOTA DE ENCUADERNACIÓN | |
| Nota de encuadernación | Rústico |
| 653 ## - TÉRMINO DE INDIZACIÓN - NO CONTROLADO | |
| Término no controlado | Soberanía de Dios |
| 653 ## - TÉRMINO DE INDIZACIÓN - NO CONTROLADO | |
| Término no controlado | Soberanía |
| 942 ## - TIPO DE MATERIAL (KOHA) | |
| Tipo de Item KOHA | Libros General |
| 945 ## - INFORMACIÓN LOCAL DEL REGISTRO | |
| Catalogador | JTF-925 |
| Estado de Material | Estado de Perdido | Forma de Clasificación | Estado de Dañado | No para Préstamo | Colección | Tomo | Biblioteca de Origen | Biblioteca Permanente | Fecha de Adquisición | Área | Total de Préstamos | Signatura Topográfica | Código de Barras | Última vez visto | Ejemplar/Existencia | Tipo de Material | Última vez Préstado | Fecha de Remplazo |
|---|---|---|---|---|---|---|---|---|---|---|---|---|---|---|---|---|---|---|
| Dewey Decimal Classification | Colección General | Biblioteca FUSBC | Biblioteca FUSBC | 03/12/2004 | TEOLOGÍA CRISTIANA | G 234 D686s | 25448 | 12/12/2019 | Ej. 2 | Libros Patrimoniales | ||||||||
| Dewey Decimal Classification | Colección General | Biblioteca FUSBC | Biblioteca FUSBC | 02/10/2024 | TEOLOGÍA CRISTIANA | 2 | G 234 D686s | 25450 | 12/12/2019 | Ej. 3 | Libros General | 20/10/2018 | 26/01/2016 | |||||
| Dewey Decimal Classification | Colección General | Biblioteca FUSBC | Biblioteca FUSBC | 02/10/2024 | TEOLOGÍA CRISTIANA | G 234 D686s | 23754 | 02/10/2024 | Ej. 1 | Libros General | 26/01/2016 |
